Los suelos. su origen, constitución y clasificación. introducción a la edafología /

Guardado en:
Autor Principal: Robinson, Gilbert Wooding
Formato: Libro
Publicado: Barcelona : Omega, 1967
Edición:2a. ed.
Materias:
Etiquetas: Agregar Etiqueta
Sin Etiquetas, Sea el primero en etiquetar este registro!
LEADER 00647nam a22002055a 4500
001 CEM.cems016103
005 20131003175015.0
008 130507s1967##################000#0#####d
003 CEMS
082 0 4 |a 631.4 
100 1 |a Robinson, Gilbert Wooding 
245 1 0 |a Los suelos. su origen, constitución y clasificación. introducción a la edafología /  |c Gilbert Wooding Robinson, 
250 |a 2a. ed. 
260 |a Barcelona :  |b Omega,  |c 1967 
300 |a 515 p. 
653 |a Edafología 
653 |a Suelos-constitución 
653 |a Suelos-clasificación 
653 |a Suelos-origen 
859 |a CEMS  |b BIB. CEMS - Agricultura  |h 631.4  |i R560a2  |p A4300.75  |t Ej.1